[Event "POL-chT2"]
[Site "Poronin POL"]
[Date "2016.09.03"]
[Round "1.1"]
[White "Krzywda, Andrzej"]
[Black "Jakubowski, Krzysztof"]
[Result "0-1"]
[WhiteElo "2148"]
[BlackElo "2529"]
[EventDate "2016.09.02"]

1.e4 c5 2.Nf3 e6 3.d4 cxd4 4.Nxd4 Nf6 5.Nc3 d6 6.Bd3 g6 7.Qf3 Bg7 8.Bg5 
Nbd7 9.O-O-O a6 10.Rhe1 O-O 11.Kb1 Qc7 12.Qh3 b5 13.Bh6 b4 14.Bxg7 Kxg7 
15.Nce2 e5 16.Nf3 a5 17.Qh4 a4 18.g4 b3 19.Ng3 Nc5 20.Nh5+ Nxh5 21.gxh5 
Nxd3 22.h6+ Kg8 23.Rxd3 Qxc2+ 24.Ka1 a3 25.Rxb3 Be6 26.Qf6 axb2+ 27.Rxb2 
Rxa2+ 0-1

[Event "POL-chT2"]
[Site "Poronin POL"]
[Date "2016.09.03"]
[Round "1.2"]
[White "Stryjecki, Marek"]
[Black "Zgadzaj, Rafal"]
[Result "0-1"]
[WhiteElo "2427"]
[BlackElo "2142"]
[EventDate "2016.09.02"]

1.d4 g6 2.e4 Bg7 3.Nf3 d6 4.Nbd2 c6 5.Bd3 Nf6 6.O-O O-O 7.Re1 Qc7 8.a4 e5 
9.dxe5 dxe5 10.Nc4 Re8 11.b4 Nbd7 12.Bb2 Nh5 13.Bf1 Bf8 14.Qd2 f6 15.Red1 
Nb6 16.Nd6 Rd8 17.Nb5 Qd7 18.Nc7 Qxd2 19.Rxd2 Rxd2 20.Nxd2 Rb8 21.a5 Na8 
22.Bc4+ Kh8 23.Nxa8 Rxa8 24.Bc3 Ng7 25.g3 Be7 26.f4 exf4 27.gxf4 Be6 28.
Kf2 Rd8 29.Bxe6 Nxe6 30.Ke3 Kg8 31.Nc4 Kf7 32.a6 b6 33.Nb2 Nc7 34.Nd3 Ke6 
35.Bd4 Nb5 36.c3 Rc8 37.c4 Nxd4 38.Kxd4 Bxb4 39.Nxb4 c5+ 40.Kc3 cxb4+ 41.
Kxb4 Rc5 42.Rd1 Ra5 43.Rd3 Rxa6 44.Rh3 h5 45.Rg3 Kf7 46.Rd3 Ke7 47.Rg3 Kf7
48.Rd3 Ra2 49.Rd7+ Ke6 50.Rg7 Rxh2 51.Rxg6 Rh4 52.f5+ Ke5 53.Rh6 a6 54.Kc3
a5 55.Kb3 Rh1 56.Kc3 Rh3+ 57.Kc2 a4 58.Kb2 h4 59.Ka2 Rc3 0-1

[Event "POL-chT2"]
[Site "Poronin POL"]
[Date "2016.09.03"]
[Round "1.3"]
[White "Malecki, Rafal"]
[Black "Jaworski, Miroslaw"]
[Result "0-1"]
[WhiteElo "2027"]
[BlackElo "2263"]
[EventDate "2016.09.02"]

1.e4 c5 2.Nf3 d6 3.d4 cxd4 4.Nxd4 Nf6 5.Nc3 a6 6.f3 e5 7.Nb3 Be6 8.Be3 Be7
9.Qd2 O-O 10.O-O-O a5 11.Qf2 Nbd7 12.g4 a4 13.Nd2 a3 14.b3 Qa5 15.Ndb1 d5 
16.g5 d4 17.gxf6 dxe3 18.Qxe3 Nxf6 19.Rg1 g6 20.Rg2 Rfc8 21.Rd3 Bh3 22.Rg1
Be6 23.Rg2 Nh5 24.Nd5 Bc5 25.Qd2 Bxd5 26.Qxa5 Rxa5 27.Rxd5 Nf4 28.Rgd2 
Nxd5 29.Rxd5 Be3+ 30.Kd1 Rxd5+ 31.exd5 Bc5 32.c4 f5 33.Nc3 Kf8 34.Kc2 Ke7 
35.Kd3 h5 36.Na4 Bd4 37.Be2 g5 38.b4 b6 39.Bd1 g4 40.f4 Kd6 0-1

[Event "POL-chT2"]
[Site "Poronin POL"]
[Date "2016.09.03"]
[Round "1.4"]
[White "Polok, Kacper"]
[Black "Sztwiertnia, Jan Krzysztof"]
[Result "1-0"]
[WhiteElo "2299"]
[BlackElo "2128"]
[EventDate "2016.09.02"]

1.e4 e5 2.Nf3 Nc6 3.d4 exd4 4.Nxd4 Nf6 5.Nc3 Bb4 6.Nxc6 bxc6 7.Bd3 d5 8.
exd5 cxd5 9.O-O O-O 10.Bg5 c6 11.Ne2 Bd6 12.Nd4 Be5 13.Nxc6 Bxh2+ 14.Kxh2 
Qd6+ 15.Kg1 Qxc6 16.Bxf6 Qxf6 17.Qh5 h6 18.Qxd5 Rb8 19.Qe4 g6 20.b3 Rd8 
21.Rae1 Bb7 22.Qe5 Qb6 23.Qf4 Qc6 24.Be4 Qc5 25.c4 h5 26.Bxb7 Rxb7 27.Re5 
Qd4 28.Qf6 Kh7 29.Rfe1 a5 30.Qf3 Ra7 31.Re7 Rxe7 32.Rxe7 Qd1+ 33.Qxd1 
Rxd1+ 34.Kh2 Rd2 35.Rxf7+ Kg8 36.Ra7 Rxa2 37.b4 Rc2 38.b5 Rxc4 39.b6 Rb4 
40.b7 1-0

[Event "POL-chT2"]
[Site "Poronin POL"]
[Date "2016.09.03"]
[Round "1.5"]
[White "Szajda, Marcin"]
[Black "Orzechowski, Jacek"]
[Result "1/2-1/2"]
[WhiteElo "2033"]
[BlackElo "2135"]
[EventDate "2016.09.02"]

1.e4 c6 2.d4 d5 3.exd5 cxd5 4.Bd3 Nc6 5.c3 Qc7 6.h3 Nf6 7.Nf3 g6 8.O-O Bf5
9.Bxf5 gxf5 10.Ne1 e6 11.Nd3 Bd6 12.Na3 a6 13.Be3 Ne4 14.Nc2 Rg8 15.Qc1 
Ne7 16.Bf4 Ng6 17.Bxd6 Qxd6 18.f4 Rg7 19.Ne5 Nh4 20.Ne1 O-O-O 21.N5f3 
Nxf3+ 22.Rxf3 Kb8 23.a4 Rc8 24.Ra3 f6 25.Qe3 Qb6 26.Qe2 e5 27.fxe5 fxe5 
28.Rxf5 exd4 29.cxd4 Qxd4+ 30.Qe3 Qxb2 31.Rb3 Qd2 32.Qxd2 Nxd2 33.Rd3 Rc1 
34.Rxd2 Rxe1+ 35.Kf2 Ra1 36.Rf4 Ra3 37.Rxd5 Ra2+ 38.Kf3 Rgxg2 39.a5 Raf2+ 
40.Ke3 Re2+ 41.Kf3 Rgf2+ 42.Kg3 Rd2 43.Rh5 Rg2+ 44.Kf3 Rg7 45.Rfh4 Rdd7 
46.Rh6 Ka7 47.R4h5 Rc7 48.Ke4 Rgd7 49.h4 Rc4+ 50.Ke5 Re7+ 51.Kd6 Rcc7 52.
Kd5 Rcd7+ 53.Kc5 Rc7+ 54.Kd5 Red7+ 55.Rd6 Rxd6+ 56.Kxd6 Rc6+ 57.Kd5 h6 58.
Rf5 Rc1 59.h5 Rc6 60.Rf7 Rc1 61.Rf5 Rc6 62.Rf7 Rc1 63.Rf5 1/2-1/2

[Event "POL-chT2"]
[Site "Poronin POL"]
[Date "2016.09.03"]
[Round "1.6"]
[White "Zemlickova, Olena"]
[Black "Chmiel, Dominika"]
[Result "1/2-1/2"]
[WhiteElo "2091"]
[BlackElo "2102"]
[EventDate "2016.09.02"]

1.d4 Nf6 2.Nf3 g6 3.Nc3 Bg7 4.e4 d6 5.Be3 O-O 6.Qd2 Ng4 7.Bg5 f6 8.Bh4 c5 
9.Bc4+ Kh8 10.h3 cxd4 11.Nxd4 Ne5 12.Bb3 Nbc6 13.Ne6 Bxe6 14.Bxe6 Qb6 15.
f4 Nf7 16.Bf2 Qxb2 17.Rb1 Qa3 18.Rxb7 Rab8 19.Rxb8 Nxb8 20.O-O a6 21.Rb1 
Nc6 22.Bb6 d5 23.exd5 Ncd8 24.Rb3 Qd6 25.Ne4 Qb8 26.Nc5 Qd6 27.Ne4 Qb8 28.
Be3 Qc7 29.Nc5 Nd6 30.Nxa6 Qc4 31.Qd3 Nxe6 32.Qxc4 Nxc4 33.dxe6 Nxe3 34.
Rxe3 f5 35.Rb3 Bd4+ 36.Kf1 Kg7 37.Rb4 Rd8 38.Nb8 Rd6 39.a4 Ba7 40.Rb7 Bxb8
41.Rxb8 Ra6 42.Rb4 Kf6 43.Ke2 Kxe6 44.Kd3 Kd5 45.c4+ Kc6 46.Kc3 Ra7 47.Kd4
Rd7+ 48.Kc3 Rd1 49.a5 Ra1 50.Rb5 Rc1+ 51.Kd4 Rd1+ 52.Kc3 Rc1+ 53.Kd3 Rd1+ 
54.Kc2 Rd4 1/2-1/2

[Event "POL-chT2"]
[Site "Poronin POL"]
[Date "2016.09.03"]
[Round "1.7"]
[White "Ponizil, Cyril"]
[Black "Tomczak, Jacek"]
[Result "1/2-1/2"]
[WhiteElo "2521"]
[BlackElo "2601"]
[EventDate "2016.09.02"]

1.e4 c6 2.d4 d5 3.e5 Bf5 4.Nf3 e6 5.Be2 Ne7 6.O-O Nd7 7.a4 c5 8.c3 Nc6 9.
Nbd2 Bg6 10.Nb3 c4 11.Nbd2 a6 12.b3 b5 13.g3 b4 14.Bb2 bxc3 15.Bxc3 cxb3 
16.Nxb3 Be7 17.Qd2 Qb6 18.Nc1 O-O 19.Nd3 Rab8 20.Rfc1 Rfc8 21.a5 Qa7 22.
Qd1 Rc7 23.Qa4 Rbc8 24.Bd2 Be4 25.Be3 Bxd3 26.Bxd3 Nb4 27.Rxc7 Rxc7 28.Bf1
Nc2 29.Rc1 Nxe3 30.Rxc7 Qxc7 31.fxe3 Nf8 32.Bxa6 Bd8 33.Bd3 Qxa5 34.Qxa5 
Bxa5 1/2-1/2

[Event "POL-chT2"]
[Site "Poronin POL"]
[Date "2016.09.03"]
[Round "1.8"]
[White "Urban, Klaudiusz"]
[Black "Piesik, Piotr"]
[Result "1-0"]
[WhiteElo "2418"]
[BlackElo "2298"]
[EventDate "2016.09.02"]

1.c4 g6 2.d4 Bg7 3.e4 d6 4.Nc3 Nc6 5.Be3 e5 6.Nge2 f5 7.exf5 Bxf5 8.d5 
Nce7 9.h3 h5 10.Ng3 Nf6 11.Bd3 Qd7 12.Nge4 Nxe4 13.Bxe4 Bh6 14.Qd2 Bxe3 
15.Qxe3 b6 16.O-O-O O-O-O 17.Kb1 Kb7 18.Rd3 Rhf8 19.Rc1 Bxe4 20.Nxe4 Nf5 
21.Qg5 Qg7 22.Qd2 Nd4 23.Ra3 Rf4 24.f3 g5 25.Qd3 a5 26.b4 axb4 27.c5 b5 
28.Ra5 Rxe4 29.Rxb5+ Kc8 30.fxe4 Nxb5 31.Qxb5 Qh7 32.Qa6+ Kb8 33.c6 Qxe4+ 
34.Rc2 Qe1+ 35.Kb2 b3 36.Qb7# 1-0

[Event "POL-chT2"]
[Site "Poronin POL"]
[Date "2016.09.03"]
[Round "1.9"]
[White "Paszewski, Mateusz"]
[Black "Kaczmarek, Aleksander"]
[Result "1-0"]
[WhiteElo "2272"]
[BlackElo "2332"]
[EventDate "2016.09.02"]

1.e4 c6 2.d4 d5 3.Nd2 dxe4 4.Nxe4 Nd7 5.Ng5 Ngf6 6.Bd3 e6 7.N1f3 Bd6 8.Qe2
h6 9.Ne4 Nxe4 10.Qxe4 Nf6 11.Qe2 b6 12.Bd2 Bb7 13.Ne5 Qc7 14.f4 O-O-O 15.
O-O c5 16.a4 Kb8 17.a5 cxd4 18.axb6 axb6 19.Ra4 Nd5 20.Rfa1 g5 21.Ba6 d3 
22.Nxd3 Nxf4 23.Nxf4 gxf4 24.Bxb7 Qxb7 25.Ra8+ Qxa8 26.Rxa8+ Kxa8 27.Qa6+ 
Kb8 28.Qxb6+ Kc8 29.Qc6+ Kb8 30.Ba5 e5 31.c4 e4 32.Bxd8 Rxd8 33.Qxe4 Bc5+ 
34.Kf1 Be3 35.Ke2 Kc7 36.Kf3 Rd2 37.b4 f5 38.Qxf5 Rf2+ 39.Ke4 Rxg2 40.Qh7+
Kd8 41.Qxh6 Rd2 42.Qh8+ Kd7 43.h4 Re2 44.Qg7+ Kc6 45.Qf6+ Kc7 46.Kd3 Rd2+ 
47.Kc3 Ra2 48.c5 Rf2 49.Kc4 Kd7 50.h5 Rc2+ 51.Kb5 Rh2 52.Qf7+ 1-0

[Event "POL-chT2"]
[Site "Poronin POL"]
[Date "2016.09.03"]
[Round "1.10"]
[White "Reza, Wojciech"]
[Black "Ciesla, Adam"]
[Result "0-1"]
[WhiteElo "2310"]
[BlackElo "2291"]
[EventDate "2016.09.02"]

1.e4 e5 2.Nf3 Nc6 3.Bb5 Bc5 4.O-O d6 5.c3 Bd7 6.d4 Bb6 7.dxe5 Nxe5 8.Bxd7+
Qxd7 9.a4 a6 10.Nxe5 dxe5 11.Qxd7+ Kxd7 12.Rd1+ Ke6 13.Kf1 Nf6 14.f3 Rad8 
15.Rxd8 Rxd8 16.Ke1 Bg1 17.h3 Nh5 18.Na3 Bh2 19.g4 Nf4 20.Bxf4 Bxf4 21.Rd1
Rxd1+ 22.Kxd1 Kf6 23.Nc4 Kg5 24.Na5 b6 25.Nc6 Kh4 26.Nd8 Kxh3 27.Nxf7 g6 
28.Ke2 Kg2 29.g5 a5 30.b4 c6 31.bxa5 bxa5 32.Nd8 Bxg5 33.Nxc6 h5 34.Nxe5 
h4 35.c4 h3 36.Ng4 Bf4 37.Nf2 Bd6 38.Ng4 h2 39.Nf2 Bg3 40.Nh1 Kxh1 41.Kf1 
Be5 42.c5 Bg3 43.c6 g5 0-1

[Event "POL-chT2"]
[Site "Poronin POL"]
[Date "2016.09.03"]
[Round "1.11"]
[White "Tomaszewski, Roman"]
[Black "Schmidt, Wlodzimierz"]
[Result "1-0"]
[WhiteElo "2296"]
[BlackElo "2289"]
[EventDate "2016.09.02"]

1.Nf3 Nf6 2.c4 g6 3.Nc3 d5 4.cxd5 Nxd5 5.Qb3 Nb6 6.d4 Bg7 7.Bf4 Be6 8.Qa3 
O-O 9.e3 N8d7 10.Rd1 c6 11.Ng5 Bd5 12.e4 e5 13.dxe5 Re8 14.Nxd5 cxd5 15.e6
fxe6 16.Qh3 Nf8 17.Bb5 Re7 18.Qa3 a6 19.Be2 Qe8 20.Qb3 Na4 21.Bd6 Nxb2 22.
Rb1 Na4 23.Bxe7 Qxe7 24.Qxa4 Qxg5 25.O-O 1-0

[Event "POL-chT2"]
[Site "Poronin POL"]
[Date "2016.09.03"]
[Round "1.12"]
[White "Dmochowska, Agnieszka"]
[Black "Lach, Aleksandra"]
[Result "1/2-1/2"]
[WhiteElo "1995"]
[BlackElo "2154"]
[EventDate "2016.09.02"]

1.d4 d5 2.c4 dxc4 3.e3 Nf6 4.Bxc4 e6 5.Nc3 a6 6.a4 c5 7.Nf3 Nbd7 8.O-O Qc7
9.Qe2 Bd6 10.Rd1 O-O 11.h3 Nb6 12.Bb3 cxd4 13.exd4 Nbd5 14.Nxd5 Nxd5 15.
Qe4 f5 16.Qe2 h6 17.Ne5 Kh7 18.Bxd5 exd5 19.Bf4 Qe7 20.Qh5 Qf6 21.Re1 g5 
22.Qg6+ Qxg6 23.Nxg6 Kxg6 24.Bxd6 Rf6 25.Bc5 b6 26.Be7 Rc6 27.Rac1 Rxc1 
28.Rxc1 Bd7 29.b3 Kf7 30.Bd6 f4 31.Re1 Be6 32.Rc1 Bd7 33.Re1 Be6 34.Rc1 
Rc8 35.Rxc8 Bxc8 36.Bc7 b5 37.axb5 axb5 38.b4 h5 39.f3 Kg6 40.Kf2 Kf5 41.
Bd6 Bd7 42.Bc7 Be8 43.Bd8 Bg6 44.Be7 Bh7 45.Bd8 Bg8 46.Be7 Be6 47.h4 g4 
48.g3 gxf3 49.Kxf3 fxg3 50.Kxg3 Ke4 51.Bc5 Bg4 52.Bb6 1/2-1/2

[Event "POL-chT2"]
[Site "Poronin POL"]
[Date "2016.09.03"]
[Round "1.13"]
[White "Lubczynski, Rafal"]
[Black "Vovk, Yuri"]
[Result "1/2-1/2"]
[WhiteElo "2431"]
[BlackElo "2596"]
[EventDate "2016.09.02"]

1.Nf3 Nf6 2.c4 b6 3.g3 Bb7 4.d4 e6 5.Bg2 Be7 6.O-O O-O 7.Nc3 Ne4 8.Bd2 Bf6
9.Rc1 Na6 10.Ne1 d5 11.Nxe4 dxe4 12.Bc3 c5 13.e3 Rc8 14.b3 Qd7 15.Qg4 cxd4
16.Rd1 Rfd8 17.exd4 b5 18.Ba5 Re8 19.d5 bxc4 20.Bxe4 Qb5 21.d6 Bxe4 22.d7 
Bf5 23.Qf3 cxb3 24.axb3 Nc5 25.dxe8=R+ Rxe8 26.b4 Ne4 27.Qd3 Qb7 28.Qd7 
Qa8 29.f3 Nc3 30.Rd2 Bg5 31.f4 Bf6 32.Nf3 h6 33.Ne5 Bxe5 34.fxe5 Ne4 35.
Qxe8+ Qxe8 36.Rd8 Qxd8 37.Bxd8 Nc3 38.Ra1 Nd5 39.b5 Bd3 40.Rxa7 Bxb5 41.
Kf2 Bd3 42.g4 Bc2 43.Kg3 Bg6 44.h3 h5 45.gxh5 Bxh5 46.Kh4 Bd1 47.Kg5 Bc2 
48.h4 Be4 49.h5 Bc2 50.h6 gxh6+ 51.Kxh6 Kf8 52.Rd7 Ke8 53.Rd6 Ne3 54.Rd2 
Bg6 55.Bf6 Nd5 56.Kg7 Kd7 57.Ra2 Kc6 58.Ra7 Kc5 59.Rxf7 Bxf7 60.Kxf7 Nf4 
61.Bg5 Nd3 1/2-1/2

[Event "POL-chT2"]
[Site "Poronin POL"]
[Date "2016.09.03"]
[Round "1.14"]
[White "Stopa, Jacek"]
[Black "Chojnacki, Krzysztof"]
[Result "1-0"]
[WhiteElo "2455"]
[BlackElo "2369"]
[EventDate "2016.09.02"]

1.d4 Nf6 2.c4 g6 3.f3 Bg7 4.e4 d6 5.Nc3 O-O 6.Nge2 a6 7.Be3 Nbd7 8.Qd2 c6 
9.c5 b5 10.cxb6 Nxb6 11.Nf4 a5 12.Be2 d5 13.e5 Ne8 14.h4 Nc7 15.h5 Ba6 16.
b3 a4 17.Rc1 axb3 18.axb3 Bxe2 19.Ncxe2 Ra6 20.Nd3 Ne6 21.Nb4 Ra8 22.hxg6 
fxg6 23.Rxc6 Ra1+ 24.Nc1 Kf7 25.Qc3 Ra8 26.Nbd3 Rc8 27.Rxc8 Nxc8 28.Rxh7 
Rh8 29.Rxh8 Qxh8 30.Ne2 Qh1+ 31.Kd2 Na7 32.Qa5 Nc6 33.Qxd5 Nd8 34.g3 Ke8 
35.Qb5+ Kf7 36.d5 Nf8 37.Qb8 Ke8 38.e6 1-0

[Event "POL-chT2"]
[Site "Poronin POL"]
[Date "2016.09.03"]
[Round "1.15"]
[White "Musialkiewicz, Jan"]
[Black "Kolosowski, Mateusz"]
[Result "0-1"]
[WhiteElo "2264"]
[BlackElo "2426"]
[EventDate "2016.09.02"]

1.e4 c5 2.Nf3 e6 3.d4 cxd4 4.Nxd4 a6 5.Nc3 Qc7 6.Be3 Bb4 7.Bd2 Nf6 8.Bd3 
Nc6 9.Nxc6 bxc6 10.O-O Bd6 11.Kh1 Bf4 12.Bxf4 Qxf4 13.Qe2 d5 14.Rae1 O-O 
15.Na4 Rb8 16.b3 e5 17.Qe3 Qxe3 18.Rxe3 Re8 19.Nc5 a5 20.h3 Kf8 21.Rfe1 d4
22.Rg3 Nd7 23.Nxd7+ Bxd7 24.Bc4 c5 25.c3 a4 26.cxd4 cxd4 27.Rd3 axb3 28.
axb3 Be6 29.Bxe6 Rxe6 30.Rc1 Reb6 31.Rc5 f6 32.f4 Rb5 33.Rxb5 Rxb5 34.fxe5
fxe5 35.Kh2 Rc5 36.Kg3 Rc3 37.Rf3+ Ke7 38.Kf2 Rxf3+ 39.gxf3 g5 0-1

[Event "POL-chT2"]
[Site "Poronin POL"]
[Date "2016.09.03"]
[Round "1.16"]
[White "Cukrowski, Filip"]
[Black "Musialkiewicz, Pawel"]
[Result "1-0"]
[WhiteElo "2367"]
[BlackElo "2278"]
[EventDate "2016.09.02"]

1.e4 e6 2.d4 d5 3.Nd2 Nf6 4.e5 Nfd7 5.Bd3 c5 6.c3 Nc6 7.Ne2 cxd4 8.cxd4 f6
9.exf6 Nxf6 10.O-O Bd6 11.Nf3 Qc7 12.Nc3 a6 13.Be3 O-O 14.Rc1 h6 15.Bb1 
Qf7 16.h3 g5 17.Qd3 Bd7 18.a3 Qg7 19.Qg6 Be8 20.Qxg7+ Kxg7 21.Rfe1 Bg6 22.
Bd2 Bxb1 23.Rxb1 Rae8 24.b4 e5 25.dxe5 Nxe5 26.Nd4 Kg6 27.Rbd1 Bb8 28.Be3 
Nc4 29.Nc2 Nb2 30.Rb1 Nc4 31.Bd4 Be5 32.Red1 Rc8 33.a4 Bxd4 34.Nxd4 Nd2 
35.Rbc1 Nde4 36.Nce2 Rc4 37.Rxc4 dxc4 38.f3 Nd6 39.Ne6 Re8 40.Rxd6 Kf7 41.
N6d4 1-0

[Event "POL-chT2"]
[Site "Poronin POL"]
[Date "2016.09.03"]
[Round "1.17"]
[White "Bardeli, Lukasz"]
[Black "Goluch, Piotr"]
[Result "0-1"]
[WhiteElo "2188"]
[BlackElo "2330"]
[EventDate "2016.09.02"]

1.Nf3 Nf6 2.g3 d5 3.Bg2 c6 4.O-O Bf5 5.d3 Nbd7 6.b3 e6 7.Bb2 Be7 8.Nbd2 h6
9.e4 dxe4 10.dxe4 Bh7 11.Qe2 O-O 12.Rfd1 Qc7 13.e5 Nd5 14.Ne4 Rfd8 15.a3 
Nc5 16.Nd6 Bxd6 17.exd6 Qxd6 18.Rd4 Qe7 19.Re1 Nf6 20.Rf4 Nce4 21.Ne5 Rd2 
22.Qc4 Nd6 23.Qb4 Rxc2 24.Nc4 Nf5 25.Qa5 Nd5 26.Be4 Rxc4 27.bxc4 Nxf4 28.
Bxf5 Bxf5 29.Qxf5 Ng6 30.Qe4 Rd8 31.h4 Qc5 32.Rf1 Qf5 33.Qe2 h5 34.Rd1 
Rxd1+ 35.Qxd1 Kh7 36.Bc3 Qg4 37.Qd3 f5 38.Kh2 f4 39.Qd7 fxg3+ 40.fxg3 Qe2+
41.Kh3 Qf1+ 42.Kh2 Qf2+ 43.Kh3 Qf5+ 44.Kh2 Qc2+ 45.Qd2 Qxd2+ 46.Bxd2 Ne5 
47.Kg2 Nxc4 48.Bc1 Kg6 0-1

[Event "POL-chT2"]
[Site "Poronin POL"]
[Date "2016.09.03"]
[Round "1.18"]
[White "Jakubowska, Anna"]
[Black "Szelag, Zuzanna"]
[Result "0-1"]
[WhiteElo "2205"]
[BlackElo "1769"]
[EventDate "2016.09.02"]

1.e4 c5 2.Nc3 g6 3.g3 Bg7 4.Bg2 Nc6 5.d3 Nf6 6.Be3 d6 7.h3 O-O 8.Qd2 Nd4 
9.Nd1 e5 10.c3 Ne6 11.f4 exf4 12.gxf4 Nh5 13.Ne2 f5 14.Bf3 Bh6 15.Nf2 Qh4 
16.exf5 Nexf4 17.Nxf4 Nxf4 18.O-O-O Bxf5 19.Bg4 Qg3 20.Rde1 Qxf2 21.Qxf2 
Nxd3+ 22.Kd1 Bxg4+ 23.hxg4 Rxf2 24.Rxh6 Nxb2+ 25.Kc1 Nd3+ 26.Kd1 Rxa2 27.
Reh1 Ra1+ 28.Kc2 Rxh1 29.Rxh1 Ne5 30.g5 Rf8 31.Rd1 Nc4 32.Bc1 b5 33.Re1 a5
34.Re7 a4 35.Rb7 Rf2+ 36.Kd3 Nb2+ 37.Ke4 a3 38.Rxb5 a2 39.Ra5 Nc4 40.Ra8+ 
Kf7 41.Ra4 Rf1 0-1

[Event "POL-chT2"]
[Site "Poronin POL"]
[Date "2016.09.03"]
[Round "1.19"]
[White "Janaszak, Dawid"]
[Black "Kolago, Marcin"]
[Result "1-0"]
[WhiteElo "2384"]
[BlackElo "2361"]
[EventDate "2016.09.02"]

1.d4 d6 2.c4 e5 3.Nc3 exd4 4.Qxd4 Nc6 5.Qd2 Be6 6.b3 Be7 7.g3 Bf6 8.Bg2 
Nge7 9.Bb2 O-O 10.Nh3 d5 11.Nxd5 Nxd5 12.cxd5 Bxb2 13.Qxb2 Bxd5 14.f3 Qe7 
15.Nf4 Rad8 16.Qc3 Ne5 17.Nxd5 Rxd5 18.f4 Nd3+ 19.Kf1 Qe3 20.exd3 Rxd3 21.
Qe5 Qb6 22.Re1 g6 23.h4 Rxg3 24.h5 h6 25.f5 Qa6+ 26.Kf2 Rg5 27.hxg6 Qb6+ 
28.Re3 Rxf5+ 29.Qxf5 fxg6 30.Qxf8+ Kxf8 31.Rxh6 Kg7 32.Rh3 Qf6+ 33.Rhf3 
Qb2+ 34.Re2 Qd4+ 35.Rfe3 b5 36.Be4 c5 37.Kg2 Qd1 38.Bf3 Qc1 39.Re7+ Kh6 
40.Rxa7 Qg5+ 41.Kh3 Qf5+ 42.Kg3 c4 43.bxc4 bxc4 44.Ra6 c3 45.Be4 Qg5+ 46.
Kf3 Qh5+ 47.Kf2 Qc5+ 48.Kf1 Kg5 49.Rxg6+ Kf4 50.Rf6+ Kg4 51.Rg2+ 1-0

[Event "POL-chT2"]
[Site "Poronin POL"]
[Date "2016.09.03"]
[Round "1.20"]
[White "Wiewiora, Eneasz"]
[Black "Dudzinski, Pawel"]
[Result "0-1"]
[WhiteElo "2288"]
[BlackElo "2232"]
[EventDate "2016.09.02"]

1.e4 c6 2.d4 d5 3.Nc3 g6 4.h3 Bg7 5.Nf3 Nf6 6.Bd3 dxe4 7.Nxe4 Nxe4 8.Bxe4 
Nd7 9.c3 Qb6 10.O-O O-O 11.Re1 c5 12.dxc5 Nxc5 13.Be3 Qc7 14.Bc2 b6 15.Bd4
Bb7 16.Bxg7 Kxg7 17.Qe2 Bxf3 18.Qxf3 Rad8 19.Qe3 e6 20.b4 Nd7 21.Bb3 a5 
22.a3 Nf6 23.c4 Rd6 24.Qe5 Rc8 25.Re3 Rc6 26.Qc3 axb4 27.axb4 Qe7 28.Qe1 
Ne8 29.Rc1 Nd6 30.Rec3 Nf5 31.Rd3 Qf6 32.Qc3 Qxc3 33.Rcxc3 Nd6 34.c5 bxc5 
35.Rxc5 Rxc5 36.bxc5 Ne4 37.Re3 Nxc5 38.Bd1 Rb8 39.Bc2 Rb5 40.g3 Ra5 41.
Rc3 e5 42.Kg2 Ne6 43.h4 Rc5 44.Rxc5 Nxc5 45.Kf3 f5 46.Ke3 Kf6 47.Bd1 Ne6 
48.Be2 g5 49.hxg5+ Kxg5 50.Bc4 f4+ 51.Kf3 Nd4+ 52.Ke4 fxg3 53.fxg3 Kf6 54.
Bd5 Nf5 55.Kf3 Kg5 56.Bb7 Nd6 57.Bc6 e4+ 58.Kf2 Kf5 59.Bd7+ Ke5 60.Ke3 
Nc4+ 61.Ke2 Kd4 62.Bf5 h6 63.Be6 Na3 64.Bc8 Nc2 65.Ba6 Ne3 66.Bc8 Nd5 67.
Ba6 Ne7 68.Kf2 Nf5 69.Bb5 Nd6 70.Ba6 Nf7 71.Bb5 Ne5 72.Ke2 Nf7 73.Be8 Ng5 
74.Bb5 Ne6 75.Bd7 Ng7 76.Bc8 Nh5 77.Kf2 e3+ 78.Kf3 Kd3 79.Ba6+ Kd2 80.Kg4 
Ng7 81.Kf3 Ne6 82.Kg4 Nc5 83.Bf1 Ne4 84.Kf3 Nc3 85.Kg4 Ne2 86.Kf3 Nc3 87.
Kg4 Ne4 88.Kf3 Nf6 89.Ba6 h5 90.Bb5 Nd5 91.Ba6 Nb4 92.Bf1 Nd3 93.Ke4 Nf2+ 
94.Kf3 Ng4 95.Kf4 Nf6 96.Ba6 Ng4 97.Kg5 Nf2 98.Bf1 Ke1 99.Ba6 Kd2 100.Bf1 
Ne4+ 101.Kf4 Nc3 102.Bc4 Ne2+ 103.Kg5 Nxg3 104.Kh4 Ne2 105.Kxh5 Nf4+ 106.
Kg4 Nd3 0-1

[Event "POL-chT2"]
[Site "Poronin POL"]
[Date "2016.09.03"]
[Round "1.21"]
[White "Szadkowski, Kamil"]
[Black "Mulet, Piotr"]
[Result "1-0"]
[WhiteElo "2198"]
[BlackElo "2279"]
[EventDate "2016.09.02"]

1.e4 c5 2.Nf3 d6 3.d4 cxd4 4.Nxd4 Nf6 5.Nc3 g6 6.Bg5 Bg7 7.Bb5+ Bd7 8.Qe2 
O-O 9.O-O-O a6 10.Bxd7 Nbxd7 11.f4 h6 12.Bh4 e5 13.Nf3 exf4 14.e5 Nxe5 15.
Nxe5 Re8 16.Nxf7 Kxf7 17.Qc4+ Kf8 18.Bf2 Rc8 19.Qxf4 Rc6 20.Qg3 d5 21.Bd4 
Ne4 22.Qf4+ Nf6 23.Rhf1 Kg8 24.Qf3 Kh7 25.Kb1 Ree6 26.g4 Re7 27.h4 Rce6 
28.g5 Ne4 29.Bxg7 Kxg7 30.Nxe4 Rxe4 31.Qf6+ Kh7 32.h5 Qg8 33.a3 R4e6 34.
hxg6+ Qxg6 35.Qxg6+ Rxg6 36.gxh6 Rg5 37.Rf6 Rd7 38.Rdf1 Rg6 39.Rf7+ Rxf7 
40.Rxf7+ Kxh6 41.Rxb7 Rd6 42.Rf7 Kg6 43.Rf3 Kg5 44.Kc1 Kg4 45.Rf8 Rb6 46.
b3 Rd6 47.Kd2 Kg5 48.a4 Kg4 49.Kd3 d4 50.Re8 Kf5 51.Re4 Rh6 52.Rxd4 Ke5 
53.Rd8 Rh1 54.Kc4 Ke6 55.Ra8 Kd5 1-0

[Event "POL-chT2"]
[Site "Poronin POL"]
[Date "2016.09.03"]
[Round "1.22"]
[White "Raszka, Janusz"]
[Black "Michalski, Filip"]
[Result "0-1"]
[WhiteElo "2139"]
[BlackElo "2151"]
[EventDate "2016.09.02"]

1.e4 e6 2.d4 d5 3.Nd2 Be7 4.c3 c5 5.e5 Nc6 6.Ndf3 Bd7 7.Bd3 c4 8.Bc2 b5 9.
Ne2 a5 10.O-O Bf8 11.b3 cxb3 12.axb3 Nge7 13.Nf4 Ng6 14.Nxg6 hxg6 15.Ng5 
Be7 16.Qg4 Qb6 17.Rd1 Nd8 18.Nh3 Qc6 19.Rd3 b4 20.Bd2 bxc3 21.Rxc3 Qb6 22.
Rf3 Rh4 23.Qg3 Qxd4 24.Bc3 Qg4 25.Rxa5 Rxa5 26.Bxa5 Nc6 27.Bc3 Nd4 28.Qxg4
Rxg4 29.Bxd4 Rxd4 30.Rd3 Re4 31.Re3 Rb4 32.g3 Bc5 33.Re1 Rd4 34.Rb1 Rd2 
35.Bd1 Bb5 36.b4 Bd3 37.Ba4+ Kd8 38.Rc1 Bxb4 39.Ng5 Bc4 40.Nxf7+ Ke7 41.
Rb1 Kxf7 42.Rxb4 g5 43.Bb5 Bxb5 44.Rxb5 Re2 45.f3 Rxe5 46.Kf2 Rf5 47.Rb4 
Kf6 48.Ke3 Ke5 49.Rb7 g6 50.Rg7 Rf6 51.h3 Kf5 52.Rg8 Rf7 53.Kd4 Kf6 54.Re8
Rh7 55.Kc5 Kf7 56.Ra8 Rxh3 57.Kd6 Rxg3 58.Ra7+ Kf6 59.Re7 Rxf3 60.Rxe6+ 
Kf5 61.Re8 g4 0-1

[Event "POL-chT2"]
[Site "Poronin POL"]
[Date "2016.09.03"]
[Round "1.23"]
[White "Wlodarczyk, Oskar"]
[Black "Sapeta, Robert"]
[Result "1/2-1/2"]
[WhiteElo "2275"]
[BlackElo "2075"]
[EventDate "2016.09.02"]

1.e4 e6 2.d4 d5 3.Nc3 Bb4 4.e5 b6 5.Qg4 Bf8 6.h4 Ba6 7.Nge2 Qd7 8.a4 Nc6 
9.Bd2 h5 10.Qf3 Bb4 11.Nb5 Bxd2+ 12.Kxd2 Nge7 13.Nf4 Bxb5 14.Bxb5 a6 15.
Bxc6 Nxc6 16.Qd3 Qe7 17.Kc1 g5 18.hxg5 Qxg5 19.Qe3 Qf5 20.g3 Rc8 21.Ra3 
Nb4 22.Qd2 c5 23.Kb1 Qe4 24.f3 Qxd4 25.Qxd4 cxd4 26.c3 dxc3 27.Rxc3 Rxc3 
28.bxc3 Nc6 29.Nxh5 Ke7 30.f4 d4 31.Kc2 Rd8 32.Rd1 dxc3 33.Rxd8 Nxd8 34.
Kxc3 Nb7 35.Kc4 Kd7 36.Nf6+ Kc6 37.Ne4 Na5+ 38.Kb4 Kd5 39.Ng5 Nc6+ 40.Kc3 
Nd8 41.g4 a5 42.Kd3 Kc5 43.Kc3 Kd5 44.Kd3 Kc5 45.Kc3 Kd5 46.Kd4 1/2-1/2

[Event "POL-chT2"]
[Site "Poronin POL"]
[Date "2016.09.03"]
[Round "1.24"]
[White "Mareckova, Martina"]
[Black "Magnucka, Milena"]
[Result "1-0"]
[WhiteElo "2173"]
[BlackElo "1994"]
[EventDate "2016.09.02"]

1.e4 c5 2.Nc3 Nc6 3.Bb5 Nd4 4.Bc4 g6 5.Nf3 Bg7 6.Nxd4 cxd4 7.Qf3 Nh6 8.Ne2
O-O 9.d3 Ng4 10.Bb3 d6 11.Qg3 Qb6 12.O-O a5 13.a4 Nf6 14.f4 Qc5 15.Kh1 Bd7
16.f5 gxf5 17.exf5 Bxf5 18.Nxd4 Qxd4 19.Rxf5 Qg4 20.Qxg4 Nxg4 21.Rb5 b6 
22.h3 Nf6 23.Rxb6 Nh5 24.Rb5 Ng3+ 25.Kh2 Ne2 26.g4 Nxc1 27.Rxc1 Bxb2 28.
Bxf7+ Rxf7 29.Rxb2 Rf2+ 30.Kg3 Raf8 31.Rb8 Rf3+ 32.Kg2 Rf2+ 33.Kg1 Rxb8 
34.Kxf2 Rb4 35.Re1 Kf7 36.Re4 Rb2 37.Rc4 Ra2 38.Ke3 d5 39.Rf4+ Kg6 40.Kd2 
1-0

[Event "POL-chT2"]
[Site "Poronin POL"]
[Date "2016.09.03"]
[Round "1.25"]
[White "Gritsak, Orest"]
[Black "Krysztofiak, Marcin"]
[Result "1/2-1/2"]
[WhiteElo "2497"]
[BlackElo "2378"]
[EventDate "2016.09.02"]

1.Nf3 Nf6 2.c4 e6 3.d4 d5 4.Bg5 Be7 5.Nc3 h6 6.Bxf6 Bxf6 7.e3 O-O 8.Rc1 c6
9.Bd3 Nd7 10.O-O dxc4 11.Bxc4 e5 12.d5 Nb6 13.b3 cxd5 14.Nxd5 Be6 15.Nxf6+
Qxf6 16.Bxe6 Qxe6 17.Rc5 Rfd8 18.Qc2 Rac8 19.Rxc8 Rxc8 20.Qe4 Qd5 21.Qxe5 
Qxe5 22.Nxe5 Rc2 23.Rd1 Rxa2 24.Rd8+ Kh7 25.h4 Rb2 26.Rd3 f6 27.Nf7 Rc2 
28.Nd8 Rc7 29.Ne6 Rc6 30.Nd4 Rc1+ 31.Kh2 Nd7 32.Ne2 1/2-1/2

[Event "POL-chT2"]
[Site "Poronin POL"]
[Date "2016.09.03"]
[Round "1.26"]
[White "Grabarczyk, Miroslaw"]
[Black "Stoma, Pawel"]
[Result "0-1"]
[WhiteElo "2438"]
[BlackElo "2333"]
[EventDate "2016.09.02"]

1.d4 d5 2.c4 c6 3.Nf3 Nf6 4.e3 a6 5.c5 Nbd7 6.Nc3 e5 7.b4 Qc7 8.Bb2 Be7 9.
dxe5 Nxe5 10.Nxe5 Qxe5 11.Na4 Qe4 12.Qd4 Bf5 13.Qxe4 Bxe4 14.f3 Bg6 15.Nb6
Rd8 16.g3 Bf5 17.g4 Bg6 18.h4 h6 19.Kd2 O-O 20.Bh3 Kh8 21.Rag1 Nh7 22.Bf1 
Bf6 23.Bd4 h5 24.Bh3 hxg4 25.Rxg4 Bf5 26.Rgg1 Be6 27.Bf1 Bf5 28.h5 Bxd4 
29.exd4 Rfe8 0-1